El astillero /
Guardado en:
| Autor Principal: | |
|---|---|
| Formato: | Libro |
| Publicado: |
Barcelona :
Seix Barral,
1979
|
| Edición: | 2a. ed. |
| Series: | Biblioteca breve, 437
|
| Materias: | |
| Etiquetas: |
Agregar Etiqueta
Sin Etiquetas, Sea el primero en etiquetar este registro!
|
| LEADER | 00522nam a22001935a 4500 | ||
|---|---|---|---|
| 001 | CEM.cems004756 | ||
| 005 | 20060214000000.0 | ||
| 008 | 130507s1979##################000#0#####d | ||
| 003 | CEMS | ||
| 082 | 0 | 4 | |a U863.4 |
| 100 | 1 | |a Onetti Juan Carlos | |
| 245 | 1 | 0 | |a El astillero / |
| 250 | |a 2a. ed. | ||
| 260 | |a Barcelona : |b Seix Barral, |c 1979 | ||
| 300 | |a 217 p. | ||
| 490 | 0 | |a Biblioteca breve, 437 | |
| 653 | |a Literatura | ||
| 653 | |a Literatura hispanoamericana | ||
| 859 | |a CEMS |b BIB. CEMS - 11 de abril |h U863.4 |i On2a2 |p 14154.86 |t Ej.1 | ||
